<?xml version="1.0" encoding="UTF-8"?><?xml-stylesheet type="text/xsl" href="static/style.xsl"?><OAI-PMH xmlns="http://www.openarchives.org/OAI/2.0/" xmlns:xsi="http://www.w3.org/2001/XMLSchema-instance" xsi:schemaLocation="http://www.openarchives.org/OAI/2.0/ http://www.openarchives.org/OAI/2.0/OAI-PMH.xsd"><responseDate>2026-04-27T19:55:37Z</responseDate><request verb="GetRecord" identifier="oai:uvadoc.uva.es:10324/31392" metadataPrefix="marc">https://uvadoc.uva.es/oai/request</request><GetRecord><record><header><identifier>oai:uvadoc.uva.es:10324/31392</identifier><datestamp>2021-06-29T22:04:25Z</datestamp><setSpec>com_10324_38</setSpec><setSpec>col_10324_852</setSpec></header><metadata><record xmlns="http://www.loc.gov/MARC21/slim" xmlns:doc="http://www.lyncode.com/xoai" xmlns:xsi="http://www.w3.org/2001/XMLSchema-instance" xmlns:dcterms="http://purl.org/dc/terms/" xsi:schemaLocation="http://www.loc.gov/MARC21/slim http://www.loc.gov/standards/marcxml/schema/MARC21slim.xsd">
<leader>00925njm 22002777a 4500</leader>
<datafield tag="042" ind1=" " ind2=" ">
<subfield code="a">dc</subfield>
</datafield>
<datafield tag="720" ind1=" " ind2=" ">
<subfield code="a">Ortega García-Cortés, Cristina</subfield>
<subfield code="e">author</subfield>
</datafield>
<datafield tag="260" ind1=" " ind2=" ">
<subfield code="c">2018</subfield>
</datafield>
<datafield tag="520" ind1=" " ind2=" ">
<subfield code="a">En el presente trabajo, se realiza una revisión de las empresas de economía social, especialmente de las sociedades laborales, y su evolucíon tanto histórica como normativa. &#xd;
Haciendo especial referencia a su evolución normativa en el régimen de la seguridad social y laboral, tanto de los socios trabajadores como de los administradores sociales, a través de la ley 44/2015, de 14 de octubre de sociedades laborales y participadas, dentro del ámbito laboral nos centraremos en los contratos de trabajado, periodo de prueba y en como afectaría a la sociedad la extinción de los contratos de sus socios trabajadores, dentro del ámbito de la seguridad social nos basaremos en los cambios juridicos a través de las múltiples leyes que se han sucedido.</subfield>
</datafield>
<datafield tag="024" ind2=" " ind1="8">
<subfield code="a">http://uvadoc.uva.es/handle/10324/31392</subfield>
</datafield>
<datafield ind1=" " ind2=" " tag="653">
<subfield code="a">Sociedades anónimas laborales</subfield>
</datafield>
<datafield ind1=" " ind2=" " tag="653">
<subfield code="a">Seguridad social</subfield>
</datafield>
<datafield tag="245" ind1="0" ind2="0">
<subfield code="a">El régimen de la seguridad social de los socios trabajadores y de los administradores de una sociedad laboral (Estudio comparativo con la sociedad de capitales)</subfield>
</datafield>
</record></metadata></record></GetRecord></OAI-PMH>